[Event "Santa Cruz La Palma Christmas op"]
[Site "Santa Cruz de La Palma"]
[Date "2017.12.22"]
[Round "7.8"]
[White "Herrera Gonzalez, Jose Antonio"]
[Black "Alvarez Martin, Pedro"]
[Result "1-0"]
[WhiteElo "1677"]
[BlackElo "1395"]
[PlyCount "45"]
[EventDate "2017.12.16"]
[EventType "swiss"]
[EventRounds "7"]
[EventCountry "ESP"]
[SourceTitle "EXT 2024"]
[Source "ChessBase"]
[SourceDate "2023.10.10"]
[SourceVersion "1"]
[SourceVersionDate "2023.10.10"]
[SourceQuality "1"]

1. e4 c5 2. Nf3 Nc6 3. Bc4 Nf6 4. d3 e6 5. c3 Be7 6. Bg5 d6 7. Nbd2 0-0 8. 0-0 a6 9. a4 h6 10. Bh4 b6 11. Re1 Re8 12. d4 Bb7 13. Rc1 d5 14. Bxf6 Bxf6 15. exd5 exd5 16. Rxe8+ Qxe8 17. Bxd5 cxd4 18. cxd4 Rd8 19. Be4 Bxd4 20. Nxd4 Rxd4 21. Qe2 f5 22. Bd5+ Rxd5 23. Qxe8+ 1-0

[Event "Santa Cruz La Palma Christmas op"]
[Site "Santa Cruz de La Palma"]
[Date "2017.12.17"]
[Round "2.7"]
[White "Bethencourt Hernandez, Alberto"]
[Black "Alvarez Martin, Pedro"]
[Result "0-1"]
[WhiteElo "1080"]
[BlackElo "1395"]
[PlyCount "57"]
[EventDate "2017.12.16"]
[EventType "swiss"]
[EventRounds "7"]
[EventCountry "ESP"]
[SourceTitle "EXT 2024"]
[Source "ChessBase"]
[SourceDate "2023.10.10"]
[SourceVersion "1"]
[SourceVersionDate "2023.10.10"]
[SourceQuality "1"]

1. e4 c5 2. Nf3 Nc6 3. Nc3 e5 4. Bc4 a6 5. d3 h6 6. Be3 Nf6 7. 0-0 d6 8. h3 b5 9. Bd5 Nxd5 10. exd5 Nd4 11. a3 Be7 12. b4 Qc7 13. Qd2 Nxf3+ 14. gxf3 Bxh3 15. Rfc1 Rc8 16. Ne2 c4 17. d4 f6 18. c3 0-0 19. Bxh6 gxh6 20. Qxh6 Bf5 21. Ng3 Bh7 22. Nh5 Rf7 23. Kf1 Bd3+ 24. Ke1 Rh7 25. Nxf6+ Bxf6 26. Qxf6 Rf8 27. Qg6+ Bxg6 28. Ke2 Qf7 29. dxe5 0-1